Top 10 du Ballon D'or 2024 - Statistiques

Statistiques générales
  • Ce quiz a été pris 310 fois
  • Le résultat moyen est 8 sur 10
Statistiques - réponses
Indice Réponse % Correct
Espagne Rodri
97%
Brésil Vini JR
96%
France Mbappé
95%
Norvège Haaland
90%
Angleterre Bellingham
86%
Espagne Yamal
74%
Angleterre Kane
74%
argentina Martinez
69%
Espagne Carvajal
67%
Allemagne Kroos
54%
Aucun quiz correspondant
Distribution des résultats
% des personnes avec chaque résultat
Percentile par nombre de réponses
Votre historique - résultats
Vous n’avez pas pris ce quiz